Interest rate parity <an> extended loanable funds approach

Na minha lista:
Detalhes bibliográficos
Autor principal: Makin, A.J
Formato: Livro
Idioma:inglês
Publicado em: Brisbane The University of Queensland 1998
Colecção:Discussion papers Discussion paper No. 246
Assuntos:
Tags: Adicionar Tag
Sem tags, seja o primeiro a adicionar uma tag!

MARC

LEADER 00000nam a2200000 4500
001 c110329
005 20221221082708.8
022 |a 1033-4661 
041 0 |a eng 
044 |a AU 
245 1 0 |a Interest rate parity  |b <an> extended loanable funds approach  |c A.J. Makin 
264 1 |a Brisbane  |b The University of Queensland  |c 1998 
300 |a 16 s. 
490 1 |a Discussion papers  |v Discussion paper No. 246 
830 0 |a Discussion papers  |v Discussion paper No. 246 
610 2 0 |a miera úroková 
610 2 0 |a parita miery úrokovej 
610 2 0 |a pôžičky 
610 2 0 |a riziko 
610 2 0 |a kurz devízový 
100 1 |a Makin, A.J.